Miasta na prawach powiatu w województwie mazowieckim - Statystyki

Ogólne statystyki
  • Ten quiz został rozwiązany 14 razy
  • Średni wynik to 5 z 5
Statystyki odpowiedzi
Wskazówka Odpowiedź % Poprawnych
2 Płock
100%
3 Radom
100%
5 Warszawa
100%
4 Siedlce
90%
1 Ostrołęka
80%
Nie znaleziono quizów pasujących do podanych kryteriów
Rozkład punktacji
Procent ludzi z każdym wynikiem
Percentyl według liczby udzielonych odpowiedzi
Twoja historia wyników
Nie rozwiązałeś tego quizu